LEADER 00915nam0-22003011--450- 001 990008818760403321 005 20090305150345.0 035 $a000881876 035 $aFED01000881876 035 $a(Aleph)000881876FED01 035 $a000881876 100 $a20090305d1938----km-y0itay50------ba 101 0 $aita 102 $aIT 105 $ay-------001yy 200 1 $aDisposizioni transitorie riguardanti i dentisti pratici$fNino Pappalardo 210 $aTorino$cUTET$dstampa 1938 215 $a10 p.$d24 cm 300 $aEstr. da: Annali di diritto e procedura penale, a. 7, fasc. 1 (1938) 676 $a617.6$v12 rid.$zita 700 1$aPappalardo,$bNino$0403717 801 0$aIT$bUNINA$gRICA$2UNIMARC 901 $aBK 912 $a990008818760403321 952 $aBUSTA 12 (13) 8$b32680$fFGBC 959 $aFGBC 996 $aDisposizioni transitorie riguardanti i dentisti pratici$9807240 997 $aUNINA LEADER 04056nam 22007093u 450 001 9910465843203321 005 20210108143847.0 010 $a0-203-83267-1 010 $a1-299-28555-4 010 $a1-136-83798-1 035 $a(CKB)2560000000099677 035 $a(EBL)1144418 035 $a(OCoLC)831119771 035 $a(SSID)ssj0000621207 035 $a(PQKBManifestationID)12236956 035 $a(PQKBTitleCode)TC0000621207 035 $a(PQKBWorkID)10616811 035 $a(PQKB)11034926 035 $a(MiAaPQ)EBC1144418 035 $a(EXLCZ)992560000000099677 100 $a20131216d2013|||| u|| | 101 0 $aeng 135 $aur|n|---||||| 181 $ctxt 182 $cc 183 $acr 200 10$aCBT for Psychosis$b[electronic resource] $eA Symptom-based Approach 210 $aHoboken $cTaylor and Francis$d2013 215 $a1 online resource (290 p.) 225 1 $aThe International Society for Psychological and Social Approaches to Psychosis Book Series 300 $aDescription based upon print version of record. 311 $a0-415-54946-9 327 $aCover; Title Page; Copyright Page; Contents; Figures and tables; Contributors; Acknowledgements; Preface; Part I Cognitive models of psychosis and their assessment; 1 Introduction: CBT for psychosis: A symptom-based approach; 2 Cognitive models of auditory hallucinations; 3 Cognitive models for delusions; 4 Assessment for symptoms of psychosis; Part II The practice of CBT for persons with psychotic symptoms; 5 The therapeutic alliance in cognitive behavioral therapy for psychosis; 6 Using normalising in cognitive behaviourl therapy for schizophrenia 327 $a7 Cognitive behaviour theraphy and early intervention8 Command hallucinations; 9 Cogntive characterization and therapy of negative symptoms and formal thought disorder; 10 Staying well After Psychosis; 11 Implementing cognitive behaviour therapy for psychosis; Part III CBT and co-occurring problems; 12 The treatment of substance misuse in people with serious mental disorders; 13 treating trauma in people with first-episode psychosis using cognitive behavioural therapy; 14 Integrating the family in the treatment of psychotic disorders 327 $a15 Psychological interventions to improve work outcomes for people with psychiatric disabilitiesPart IV CBT and bipolar disoders; 16 The psychology of bipolar disorders; 17 Cognitive theory and therapy of bipolar disorders; Name index; Subject index 330 $aThis book offers a new approach to understanding and treating psychotic symptoms using Cognitive Behavioural Therapy (CBT). CBT for Psychosis shows how this approach clears the way for a shift away from a biological understanding and towards a psychological understanding of psychosis. Stressing the important connection between mental illness and mental health, further topics of discussion include:the assessment and formulation of psychotic symptomshow to treat psychotic symptoms using CBTCBT for specific and co-morbid conditions CBT of 410 4$aThe International Society for Psychological and Social Approaches to Psychosis Book Series 606 $aPsychoses$xTreatment 606 $aCognitive therapy 606 $aPsychotic Disorders$xtherapy 606 $aBipolar Disorder$xtherapy 606 $aCognitive Behavioral Therapy 606 $aHallucinations$xtherapy 608 $aElectronic books. 615 0$aPsychoses$xTreatment 615 0$aCognitive therapy 615 12$aPsychotic Disorders$xtherapy. 615 22$aBipolar Disorder$xtherapy. 615 22$aCognitive Behavioral Therapy. 615 22$aHallucinations$xtherapy. 676 $a616.89142 700 $aHagen$b Roger$f1968-$0877154 701 $aTurkington$b Douglas$0877155 701 $aBerge$b Torkil$0877156 701 $aGra?we$b Rolf W$0877157 801 0$bAU-PeEL 801 1$bAU-PeEL 801 2$bAU-PeEL 906 $aBOOK 912 $a9910465843203321 996 $aCBT for Psychosis$91958538 997 $aUNINA LEADER 03309nam 2200745 450 001 9910297048103321 005 20210504115009.0 010 $a3-8452-8419-6 035 $a(CKB)3710000001393359 035 $a(MiAaPQ)EBC4869890 035 $a(WaSeSS)IndRDA00124559 035 $a(EXLCZ)993710000001393359 100 $a20200615d2017 uy 0 101 0 $ager 135 $aurcnu|||||||| 181 $2rdacontent 182 $2rdamedia 183 $2rdacarrier 200 10$aGerechter Ausgleich und angemessene Vergütung $eDispositionsmöglichkeiten bei Vergütungsansprüchen aus gesetzlichen Lizenzen /$fClaudius Pflu?ger 205 $a1. Auflage. 210 1$aBaden-Baden, Germany :$cNomos,$d2017. 215 $a1 online resource (308 pages) 225 1 $aAbhandlungen zum Urheber- und Kommunikationsrecht ;$vBand 61 320 $aIncludes bibliographical references. 330 $a"Die Arbeit untersucht den internationalen und unionsrechtlichen Rahmen von urheberrechtlichen Schrankenbestimmungen und zeigt Umsetzungsspielräume für den nationalen Gesetzgeber auf. Sie untersucht ausschließlich die Rechtsfolgenseite von ausgleichspflichtigen Schrankenbestimmungen und legt den Fokus auf individuelle und vertragliche Gestaltungsmöglichkeiten. Dogmatische Grundlagen in InfoSocRL, UrhG, BGB und VGG werden unter Beachtung der grundrechtlichen Vorgaben (GG, GRCh) dargelegt. Die Arbeit setzt sich mit der aktuellen Diskussion um eine Verlegerbeteiligung im Rahmen von § 63a UrhG auseinander. Abschließend wird eine Änderung des § 63a UrhG empfohlen, damit die Ausgestaltung der gesetzlichen Vergütungsansprüche den Interessen von Urhebern, Verwertern und Nutzern besser gerecht werden kann. Die Arbeit ist sowohl für Urheber, Verwerter und Verwertungsgesellschaften von praktischer Bedeutung."--Verl. 410 0$aAbhandlungen zum Urheber- und Kommunikationsrecht ;$vBand 61. 606 $aDroit d'auteur$9fre$2ECLAS 606 $acopyright$9eng$2eurovoc 606 $aUE/CE Droit$9fre$2ECLAS 606 $aEU law$9eng$2eurovoc 606 $aSalaires$9fre$2ECLAS 606 $apay$9eng$2eurovoc 606 $aSociété de l'information$9fre$2ECLAS 606 $ainformation society$9eng$2eurovoc 606 $aSociétés de gestion collective$9fre$2ECLAS 606 $aCopyright clearinghouses 606 $aLicences commerciales$9fre$2ECLAS 606 $atrade licence$9eng$2eurovoc 606 $aThèses$9fre$2ECLAS 606 $athesis$9eng$2eurovoc 606 $aGermany$9eng$2eurovoc 607 $aAllemagne RF$9fre$2ECLAS 615 7$aDroit d'auteur 615 7$acopyright 615 7$aUE/CE Droit 615 7$aEU law 615 7$aSalaires 615 7$apay 615 7$aSociété de l'information 615 7$ainformation society 615 7$aSociétés de gestion collective 615 0$aCopyright clearinghouses 615 7$aLicences commerciales 615 7$atrade licence 615 7$aThèses 615 7$athesis 615 7$aGermany 676 $a346.240482 700 $aPflu?ger$b Claudius$0973374 801 0$bWaSeSS 801 1$bWaSeSS 906 $aBOOK 912 $a9910297048103321 996 $aGerechter Ausgleich und angemessene Vergütung$92214470 997 $aUNINA